Statistics for Countries of the World - Three Minute 30 Second Sprint

Click here to take the quiz!

General Stats

  • This quiz has been taken 1,492 times
  • The average score is 98 of 196

Answer Stats

Country % Correct
United States
89%
United Kingdom
86%
Canada
82%
China
82%
Russia
80%
Mexico
74%
France
74%
Brazil
72%
Germany
72%
Sweden
71%
Argentina
70%
Australia
70%
Japan
70%
Spain
70%
Norway
69%
Ireland
69%
Finland
68%
India
67%
Iceland
66%
Portugal
65%
Chile
65%
Austria
65%
Andorra
65%
Italy
64%
Cuba
64%
Peru
63%
Iran
63%
Ukraine
62%
Iraq
62%
Estonia
62%
Albania
61%
Poland
61%
Egypt
59%
Denmark
59%
United Arab Emirates
59%
Latvia
59%
Greece
58%
New Zealand
58%
South Korea
58%
Lithuania
57%
Haiti
57%
Belgium
57%
Algeria
57%
Afghanistan
57%
North Korea
57%
Bolivia
56%
Belarus
56%
Indonesia
56%
Belize
56%
Yemen
55%
Panama
55%
Colombia
55%
Fiji
55%
Vatican City
55%
Laos
55%
Oman
54%
Israel
54%
Democratic Republic of the Congo
54%
Tonga
54%
Turkey
54%
Pakistan
53%
Republic of the Congo
53%
Libya
53%
Chad
53%
Bahamas
52%
Samoa
52%
Mongolia
52%
Netherlands
52%
Niger
52%
Armenia
52%
Uruguay
52%
Palau
52%
Paraguay
52%
Thailand
52%
Dominica
52%
Togo
52%
St Kitts and Nevis
52%
Vietnam
52%
Honduras
52%
Guyana
51%
Bhutan
51%
Mali
51%
Antigua and Barbuda
51%
Venezuela
51%
Romania
51%
Taiwan
51%
Jamaica
50%
Syria
50%
Serbia
50%
Monaco
50%
St Vincent and the Grenadines
50%
Ecuador
50%
St Lucia
50%
Slovakia
50%
Guatemala
50%
Barbados
50%
South Africa
50%
Cambodia
50%
Nepal
49%
Morocco
49%
Qatar
49%
Bosnia and Herzegovina
49%
Suriname
49%
Angola
49%
Burma
49%
Nauru
49%
Nigeria
49%
Costa Rica
49%
Slovenia
49%
Croatia
49%
Saudi Arabia
48%
Malta
48%
Azerbaijan
48%
Hungary
48%
Bulgaria
48%
Benin
48%
Nicaragua
47%
Central African Republic
47%
Brunei
47%
Switzerland
47%
Sudan
47%
Jordan
46%
Kuwait
46%
Tuvalu
46%
Bahrain
46%
San Marino
46%
Kazakhstan
46%
El Salvador
46%
Dominican Republic
45%
Kosovo
45%
Kiribati
45%
Cyprus
45%
Lebanon
45%
Ghana
45%
Malaysia
45%
Grenada
45%
Guinea
44%
Trinidad and Tobago
44%
Singapore
44%
Luxembourg
44%
Philippines
43%
Sri Lanka
43%
Vanuatu
43%
Tunisia
43%
Papua New Guinea
43%
Kenya
42%
East Timor
42%
Lesotho
42%
Macedonia
42%
Moldova
42%
South Sudan
41%
Bangladesh
41%
Czech Republic
41%
Zambia
41%
Montenegro
40%
Turkmenistan
40%
Malawi
40%
Uzbekistan
40%
Georgia
39%
Liechtenstein
39%
Somalia
39%
Ethiopia
39%
Gambia
39%
Zimbabwe
38%
Maldives
38%
Federated States of Micronesia
38%
Namibia
38%
Burundi
38%
Solomon Islands
37%
Eritrea
37%
Madagascar
37%
Uganda
37%
Tajikistan
37%
Gabon
37%
Botswana
36%
Rwanda
36%
Djibouti
36%
São Tomé and Príncipe
36%
Liberia
36%
Marshall Islands
35%
Comoros
35%
Senegal
35%
Guinea-Bissau
35%
Cameroon
34%
Cape Verde
34%
Swaziland
34%
Mauritania
33%
Kyrgyzstan
33%
Tanzania
33%
Seychelles
33%
Mozambique
32%
Mauritius
31%
Burkina Faso
30%
Sierra Leone
29%
Côte d'Ivoire
29%
Equatorial Guinea
26%

Score Distribution

Percentile by Number Answered

Percent of People with Each Score

Your Score History

You have not taken this quiz